00424nam a22001457a 4500020001800000082001700018100002200035245002600057260003300083300000800116650001500124942000700139952011500146999001700261 a9788178203362 a227.7007 GEO aGeorge, Elizabeth aEmbracing God's Grace aMumbaibGLS Publishingc2013 a171 aColossians cBK 00104070aHMIbHMIcGENd2022-08-30eDirectorg175.00l0o227.7007 GEOp11004627r2026-01-16w2026-01-16yBK c23282d23282